|
|
|
|
| LEADER |
02626nam a2200673 i 4500 |
| 001 |
nkc20152766655 |
| 003 |
CZ PrNK |
| 005 |
20160210123356.0 |
| 007 |
ta |
| 008 |
160115s2015 xr a f 000 0 cze |
| 015 |
|
|
|a cnb002766655
|
| 020 |
|
|
|a 978-80-7007-443-5
|q (brožováno)
|
| 035 |
|
|
|a (OCoLC)944218522
|
| 040 |
|
|
|a ABA001
|b cze
|e rda
|
| 041 |
1 |
|
|a cze
|k eng
|h ger
|
| 045 |
|
|
|a x-x-
|
| 072 |
|
7 |
|a 14(100-15)"15/20"
|x Moderní západní filozofie
|2 Konspekt
|9 5
|
| 080 |
|
|
|a 14(436)
|2 MRF
|
| 080 |
|
|
|a 81:1
|2 MRF
|
| 080 |
|
|
|a 165.62
|2 MRF
|
| 080 |
|
|
|a 510.21
|2 MRF
|
| 080 |
|
|
|a (0:82-4)
|2 MRF
|
| 080 |
|
|
|a (0.072)
|2 MRF
|
| 100 |
1 |
|
|a Wittgenstein, Ludwig,
|d 1889-1951
|7 jn19990009220
|4 aut
|
| 240 |
1 |
0 |
|a Philosophische Bemerkungen.
|l Česky
|7 aun2016898977
|
| 245 |
1 |
0 |
|a Filosofické poznámky /
|c Ludwig Wittgenstein
|
| 246 |
1 |
|
|i Název v tiráži:
|a Filosofická zkoumání
|
| 250 |
|
|
|a Vydání první
|
| 264 |
|
1 |
|a Praha :
|b Filosofia,
|c 2015
|
| 300 |
|
|
|a 386 stran :
|b ilustrace ;
|c 21 cm
|
| 336 |
|
|
|a text
|b txt
|2 rdacontent
|
| 337 |
|
|
|a bez média
|b n
|2 rdamedia
|
| 338 |
|
|
|a svazek
|b nc
|2 rdacarrier
|
| 490 |
1 |
|
|a Základní filosofické texty ;
|v 13. svazek
|
| 500 |
|
|
|a Z německého originálu Philosophische Bemerkungen a anglického překladu Ludwig Wittgenstein's philosophical remarks přeložil Ondřej Beran
|
| 504 |
|
|
|a Obsahuje bibliografické odkazy
|
| 550 |
|
|
|a Vydavatel: Filosofický ústav AV ČR, v.v.i.
|
| 600 |
1 |
7 |
|a Wittgenstein, Ludwig,
|d 1889-1951
|7 jn19990009220
|2 czenas
|
| 648 |
|
7 |
|a 20. století
|7 ch460558
|2 czenas
|
| 650 |
0 |
7 |
|a rakouská filozofie
|7 ph125008
|y 20. století
|2 czenas
|
| 650 |
0 |
7 |
|a filozofie jazyka
|7 ph114543
|2 czenas
|
| 650 |
0 |
7 |
|a fenomenologie
|7 ph114531
|2 czenas
|
| 650 |
0 |
7 |
|a filozofie matematiky
|7 ph135376
|2 czenas
|
| 650 |
0 |
9 |
|a Austrian philosophy
|y 20th century
|2 eczenas
|
| 650 |
0 |
9 |
|a philosophy of language
|2 eczenas
|
| 650 |
0 |
9 |
|a phenomenology
|2 eczenas
|
| 650 |
0 |
9 |
|a philosophy of mathematics
|2 eczenas
|
| 655 |
|
7 |
|a úvahy
|7 fd134000
|2 czenas
|
| 655 |
|
7 |
|a komentovaná vydání
|7 fd132577
|2 czenas
|
| 655 |
|
9 |
|a essays
|2 eczenas
|
| 655 |
|
9 |
|a annotated editions
|2 eczenas
|
| 765 |
0 |
8 |
|i Název anglického překladu:
|t Ludwig Wittgenstein's philosophical remarks
|9 Česky
|
| 700 |
1 |
|
|a Beran, Ondřej,
|d 1979-
|7 jx20100602006
|4 trl
|4 wfw
|
| 710 |
2 |
|
|a Filosofický ústav (Akademie věd ČR)
|7 kn20010709007
|4 isb
|
| 830 |
|
0 |
|a Základní filosofické texty
|0 s
|
| 910 |
2 |
|
|a BOA001
|b 2-1361.829
|
| 990 |
|
|
|a BK
|
| 995 |
|
|
|a 01
|
| 996 |
6 |
|
|b 2610659844
|c 2-1361.829
|l MZK
|r Sklad / do 1 hodiny
|n 3
|p p.v.
|w 001544934
|u 000010
|a 1
|e BOA001
|j MZK50
|s P
|